000 00443nam a22001697a 4500
005 20180221154543.0
008 160601b xxu||||| |||| 00| 0 eng d
020 _a81-259-2059-5
041 _aeng
082 _b6742
_a174.4
100 _aGhosh, Biswanath
_9728
245 _aEthics in Management and Indian Ethos.
260 _aNew Delhi
_bVikas Publishing House (P) Ltd.
_c2005
300 _a307
650 _aManagement
_9241
942 _cBK
999 _c2347
_d2346